Možnosti ohodnotenia spoločností pôsobiacich v oblasti poisťovníctva

Spoločnosti poskytujúce služby v oblasti poistenia, tak životného aj neživotného, majú iný typ účtovníctva ako bežné podnikateľské subjekty, aj inú štruktúru kapitálu, z čoho vyplývajú aj odlišné postupy pri ohodnotení týchto finančných inštitúcií. Vymedzenie základnýchi pojmov z oblasti poisťovníc...

Descrizione completa

Salvato in:
Dettagli Bibliografici
Autore principale: Jakubec, Miroslav
Altri autori: Kardoš, Peter
Natura: Capitolo di libro
Lingua:slovacco
Soggetti:
Tags: Aggiungi Tag
Nessun Tag, puoi essere il primo ad aggiungerne!!

MARC

LEADER 00000nla$a2200000$$$4500
001 0096404
005 20240502072054.0
041 0 |a slo 
044 |a SK 
245 1 0 |a Možnosti ohodnotenia spoločností pôsobiacich v oblasti poisťovníctva  |c Miroslav Jakubec, Peter Kardoš 
520 |a Spoločnosti poskytujúce služby v oblasti poistenia, tak životného aj neživotného, majú iný typ účtovníctva ako bežné podnikateľské subjekty, aj inú štruktúru kapitálu, z čoho vyplývajú aj odlišné postupy pri ohodnotení týchto finančných inštitúcií. Vymedzenie základnýchi pojmov z oblasti poisťovníctva. Vývoj poistného trhu. Vymedzenie metódy, ktorú je možné pri ohodnotení poisťovne použiť. Odlišnosti, ktoré je pri ohodnotení potrebné zohľadniť, ide hlavne o finančnú analýzu poisťovne, stanovenie odčerpateľných zdrojov a aj miery kapitalizácie poisťovne. Výnosový princíp je rozhodujúci pri stanovení hodnoty poisťovne, možné je využiť aj porovnávací princíp, keďže verejne dostupných informácií o poistnom trhu v Slovenskej republike je dostatok. 
610 2 0 |a trh poistný 
610 2 0 |a pojmy 
610 2 0 |a Slovensko 
610 2 0 |a riziko poistné 
610 2 0 |a oceňovanie 
610 2 0 |a analýza finančná 
610 2 0 |a normy právne 
100 1 |a Jakubec, Miroslav 
700 1 |a Kardoš, Peter